| 000 | 00950nam a22003017a 4500 | ||
|---|---|---|---|
| 001 | 200461098 | ||
| 003 | TR-AnTOB | ||
| 005 | 20240614093305.0 | ||
| 007 | ta | ||
| 008 | 240614s1999 tu 000 d tur d | ||
| 035 | _a(TR-AnTOB)200461098 | ||
| 040 |
_aTR-AnTOB _beng _erda _cTR-AnTOB |
||
| 041 | 1 |
_atur _hger |
|
| 050 |
_aPT1925 _b.F319 1999 |
||
| 090 |
_aPT1925 _b.F319 1999 |
||
| 100 | 1 |
_aGoethe, Johann Wolfgang von, _d1749-1832 _eauthor _925472 |
|
| 245 | 1 | 0 |
_aFaust / _cJohann Wolfgang Goethe ; Almancadan çeviren: Yüksel Pazarkaya. |
| 264 | 1 |
_aİstanbul : _bCumhuriyet, _c1999. |
|
| 300 |
_a112 pages ; _c18 cm |
||
| 336 |
_atext _btxt _2rdacontent |
||
| 337 |
_aunmediated _bn _2rdamedia |
||
| 338 |
_avolume _bnc _2rdacarrier |
||
| 490 |
_aDünya Klasikleri Dizisi ; _v62 |
||
| 650 | 7 |
_aAlman draması _2etuturkob _9145808 |
|
| 700 | 1 |
_aPazarkaya, Yüksel, _d1940- _etranslator _9119618 |
|
| 942 |
_2lcc _cBK |
||
| 999 |
_c200461098 _d79310 |
||